000
00269nam a2200097Ia 4500
001
644221
005
20250826153600.0
008
250824s9999 xx 000 0 und d
245
0
_a
TİRYAKİ SÖZLERİ GENÇLİK KLASİKLERİ
_c
CENAB ŞAHABETTİN
260
_b
TİMAŞ ÇOCUK
999
_c
644221
_d
644221